Movies Quiz

Random Movies or Clickable Quiz
Score 0/20 Timer 05:00
10 Plays Today
% Correct
Raiders of the Lost Ark
94%
Finding Nemo
93.6%
Taken
91.2%
The Jungle Book
88.5%
Shrek
87.3%
The Martian
85%
Frost|Nixon
81.3%
Argo
80.8%
Spider-Man
80.8%
Ice Age
78.2%
% Correct
Interstellar
77.7%
Toy Story 2
75%
Gravity
73.8%
WALL-E
73.2%
The Dark Knight Rises
71.7%
Django Unchained
68.2%
Mission: Impossible – Rogue Nation
68.2%
Monsters, Inc.
60.6%
The Matrix
56.3%
Die Hard with a Vengeance
53.3%

You're not logged in!

Compare scores with friends on all Sporcle quizzes.
OR
Log In

Sporcle TV

Today on Sporcle TV


Watch our educational content, quiz creation guides, and fun videos on Sporcle TV.

Show Comments

Extras

Top Quizzes Today


Score Distribution

Your Account Isn't Verified!

In order to create a playlist on Sporcle, you need to verify the email address you used during registration. Go to your Sporcle Settings to finish the process.

Report this User

Report this user for behavior that violates our Community Guidelines.

Details: